[Event "IND-ch Blitz"]
[Site "Nashik"]
[Date "2022.04.30"]
[Round "1"]
[White "Deepan Chakkravarthy, J."]
[Black "Atharva, Aloni"]
[Result "1-0"]
[WhiteElo "2474"]
[BlackElo "1403"]
[PlyCount "97"]
[EventDate "2022.04.30"]
[EventType "swiss (blitz)"]
[EventRounds "11"]
[EventCountry "IND"]
[SourceTitle "CBM 208 Extra"]
[Source "ChessBase"]
[SourceDate "2022.07.31"]
[SourceVersion "1"]
[SourceVersionDate "2022.07.31"]
[SourceQuality "1"]

1. e4 d5 2. exd5 Nf6 3. d4 Bg4 4. Be2 Bxe2 5. Nxe2 Qxd5 6. 0-0 e6 7. Nbc3 Qd7 8. Nf4 Bd6 9. d5 Bxf4 10. Bxf4 Nxd5 11. Nxd5 Qxd5 12. Bxc7 0-0 13. Qxd5 exd5 14. c3 Na6 15. Be5 Rfe8 16. Rfe1 f6 17. Bd4 Kf7 18. Kf1 b6 19. Red1 Rad8 20. Rd2 Nc5 21. f3 Ne6 22. Rad1 Rd7 23. Kf2 Red8 24. a4 g5 25. g4 Kg6 26. Be3 f5 27. Bd4 fxg4 28. fxg4 Rf7+ 29. Kg1 Rfd7 30. Be5 Nf4 31. Bxf4 gxf4 32. Kg2 Kg5 33. Kf3 a6 34. Rd4 h5 35. gxh5 Kxh5 36. Rxf4 b5 37. axb5 axb5 38. Ke3 Re8+ 39. Kd3 Rg8 40. Rf2 Rg4 41. Kc2 Re4 42. Rfd2 Re5 43. Kb3 Kh4 44. Rd3 Kg5 45. Kb4 Kg4 46. R1d2 Kf5 47. Rd4 Kg5 48. Kxb5 Kh5 49. Kc6 1-0